| 000 | 00891 a2200205 4500 | ||
|---|---|---|---|
| 999 |
_c3502 _d3502 |
||
| 020 | _a0761941983 | ||
| 020 | _a0761941991 (pbk.) | ||
| 050 | 0 | 0 | _aQ180.55.O'LE 2004 |
| 100 | 1 | _aO'Leary, Zina. | |
| 245 | 1 | 4 |
_aThe essential guide to doing research / _cZina O'Leary. |
| 264 |
_aLondon: _bSage., _c2004 |
||
| 300 |
_axii, 226 p. : _bill. ; |
||
| 500 | _aIncludes bibliographical references (p. 216-221) and index. | ||
| 504 | _aIncludes bibliographical references (p. 216-221) and index. | ||
| 650 | 0 |
_aResearch _xMethodology. |
|
| 856 | 4 | 2 |
_3Publisher description _uhttp://www.loc.gov/catdir/enhancements/fy0657/2004558045-d.html |
| 856 | 4 | 1 |
_3Table of contents only _uhttp://www.loc.gov/catdir/enhancements/fy0657/2004558045-t.html |
| 942 |
_2lcc _cBK _h180.55 _iO'LE _kQ |
||